000 00737cam a22002293a 4500
001 32681
003 PGUSA
005 20140828083716.0
008 100604s2010||||xxu|||||s|||||000 | eng d
040 _aPGUSA
_beng
042 _adc
050 4 _aND
100 1 _aWillson, Harry, active 19th century
245 1 4 _aThe Use of a Box of Colours, in a Practical Demonstration on Composition, Light and Shade, and Colour.
_h[electronic resource] /
_cHarry, active 19th century Willson
260 _bProject Gutenberg,
_c2010
506 _aPublic domain in the USA.
516 _aElectronic text
653 _aWatercolor painting
830 0 _aProject Gutenberg
_v32681
856 4 0 _uhttp://www.gutenberg.org/ebooks/32681
942 _cEB
999 _c261936
_d261936